The concise Oxford dictionary of current English / (Record no. 10129)
[ view plain ]
| 000 -LEADER | |
|---|---|
| fixed length control field | 00980cam a22002891 4500 |
| 001 - CONTROL NUMBER | |
| JCCL Control Number | 10129 |
| 003 - CONTROL NUMBER IDENTIFIER | |
| JCCL marc code | BD-JhCC |
| 005 - DATE AND TIME OF LATEST TRANSACTION | |
| control field | 20180418132340.0 |
| 008 - FIXED-LENGTH DATA ELEMENTS--GENERAL INFORMATION | |
| fixed length control field | 180417s1964 enk d 000 0 eng |
| 035 ## - SYSTEM CONTROL NUMBER | |
| system control number | (BD-JhCC)10129 |
| 035 ## - SYSTEM CONTROL NUMBER | |
| system control number | (OCoLC)318481 |
| 040 ## - CATALOGING SOURCE | |
| Original cataloging agency | DLC |
| Transcribing agency | ODaWU |
| Modifying agency | OCoLC |
| -- | DLC |
| -- | BD-JhCC |
| 041 ## - LANGUAGE CODE | |
| Language code of Book | eng |
| 050 00 - LIBRARY OF CONGRESS CALL NUMBER | |
| Classification number | PE1628 |
| Item number | .F6 1964 |
| 082 ## - DEWEY DECIMAL CLASSIFICATION NUMBER | |
| Classification number | 423 |
| Author mark and Year | FOW 1964 |
| 100 1# - MAIN ENTRY--PERSONAL NAME | |
| Personal name | Fowler, H. W. |
| Fuller form of name | (Henry Watson), |
| Dates associated with a name | 1858-1933. |
| 245 14 - TITLE STATEMENT | |
| Title | The concise Oxford dictionary of current English / |
| Statement of responsibility, etc | edited by H. W. Fowler and F. G. Fowler. Based on the Oxford dictionary. |
| 250 ## - EDITION STATEMENT | |
| Edition statement | 5th ed., |
| 260 ## - PUBLICATION, DISTRIBUTION, ETC. (IMPRINT) | |
| Place of publication, distribution, etc | Oxford : |
| Name of publisher, distributor, etc | Clarendon Press, |
| Date of publication, distribution, etc | 1964. |
| 300 ## - PHYSICAL DESCRIPTION | |
| Pagination | xvi, 1566 p. |
| Dimensions | 19 cm. |
| 650 #0 - SUBJECT ADDED ENTRY--TOPICAL TERM | |
| Topical term or geographic name as entry element | English language |
| Form subdivision | Dictionaries. |
| 700 1# - ADDED ENTRY--PERSONAL NAME | |
| Personal name | Fowler, F. G. |
| Fuller form of name | (Francis George), |
| Dates associated with a name | 1870-1918, |
| 700 1# - ADDED ENTRY--PERSONAL NAME | |
| Personal name | Murray, James Augustus Henry, |
| Titles and other words associated with a name | Sir, |
| Dates associated with a name | 1837-1915, |
| Title of a work | A new English dictionary. |
| 740 0# - | |
| Uncontrolled related/analytical title | Oxford dictionary. |
| 942 ## - ADDED ENTRY ELEMENTS (KOHA) | |
| Source of classification or shelving scheme | Dewey Decimal Classification |
| Koha item type | Books |
| Source of classification or shelving scheme | Damaged status | Not for loan | Home library | Current library | Shelving location | Date of accession | Total Checkouts | Full call number | Barcode | Date last seen | Copy number | Koha item type |
|---|---|---|---|---|---|---|---|---|---|---|---|---|
| Dewey Decimal Classification | JCC Rouf Library | JCC Rouf Library | General Stacks | 04/17/2018 | 423 FOW 1964 | 13009 | 04/18/2018 | C-1 | Books |